Responses for show #8272 - Tuesday, November 3, 2020

Contestants

[<< previous game]

Devin Rossiter, an academic coach from Bakersfield, California

Fernanda Trupiano, a business analyst from Van Nuys, California

Carmela Chan, a biotech researcher from San Diego, California (whose 3-day cash winnings total $55,401)

[next game >>]

Jeopardy! Round responses

RIVER DEEP, MOUNTAIN HIGH
AMERICAN NAMES
BEFORE & AFTER
EMMY'S BEST COMEDY
GESTURES
WEIGHT, WHAT'S THAT?
    $200 26
(Alex: With less than a minute to go.)

the Amazon

Devin
    $200 21
Neil Armstrong

Devin
    $200 1
Catherine the Great Lakes

Carmela
    $200 10
Will & Grace

Fernanda
    $200 6
a high five

Devin
    $200 16
truck driving

Fernanda
    $400 29
Mount Harvard

Devin
    $400 22
Jimmy Hoffa

Devin
    $400 2
the Orlando Magic carpet

Devin
    $400 11
(Devin: What is Parks and Recreation?)

Veep

FernandaDevin
    $400 7
a fist bump

Devin
    $400 17
troy (weight)

Carmela
    $600 27
Mount Rainier

Carmela
    $600 23
the Cherokee

Devin
    $600 3
Star of David Bowie

Devin
    $600 12
The Office

Carmela
    $600 8
Hook 'em Horns

Devin
    $600 18
a missile

Devin
    $2,700 28
Pikes Peak

Carmela
    $800 24
Cyrus McCormick

Triple Stumper
    $800 4
Saving Private Ryan Lochte

Carmela
    $800 13
Everybody Loves Raymond

Devin
    $800 9
jazz hands

Fernanda
    $800 19
cruiserweight

Carmela
    $1000 30
(Carmela: What is the Zambezi?)

the Congo River

Carmela
Triple Stumper
    $1000 25
(Fernanda: Who is Masters?)

(Alfred) Kinsey

CarmelaFernanda
    $1000 5
pledge drive-thru

Devin
    $1000 14
Frasier

Carmela
    $1000 15
hang loose

Triple Stumper
    $1000 20
(Fernanda: What is sterling?)

avoirdupois

Fernanda
Triple Stumper

Scores at the first commercial break (after clue 15):

Carmela Fernanda Devin
$2,600 $1,400 $3,600

Scores at the end of the Jeopardy! Round:

Carmela Fernanda Devin
$7,100 -$400 $6,000

Double Jeopardy! Round responses

BOOKS' SUBTITLES
HEALTH OBSERVANCES
A PIRATE'S LIFE
1970: 50 YEARS AGO
ALBUMS
COMPOUND WORDS
    $400 18
a whale

Devin
    $400 12
February 14th

Carmela
    $400 20
Captain Kidd

Devin
    $400 1
Jimi Hendrix

Carmela
    $400 5
P!nk

Fernanda
    $400 7
(Fernanda: What is a typewriter?)
(Carmela: What is a keyboard?)

a fingerprint

CarmelaFernanda
Triple Stumper
    $800 19
2010

Triple Stumper
    $800 13
carcinoma (skin cancer)

Fernanda
    $800 21
(Jean) Lafitte

Carmela
    $800 2
(Devin: What is The Far Side?)

Doonesbury

Devin
Triple Stumper
    $800 6
Revolver

Devin
    $800 8
a washboard

Carmela
    $3,500 24
(Alex: Less than a minute now.)

Ophelia

Devin
    $1200 23
autism

Devin
    $1200 22
Robin Hood

Devin
    $1200 3
Kent State

Carmela
    $1200 11
Nirvana

Carmela
    $4,000 9
(Carmela: Uh... what is... I don't know.)

a turnkey

Carmela
    $1600 28
[The end-of-round signal sounds.]

Edward VIII

Triple Stumper
    $1600 27
(Devin: What is macular degeneration?)

glaucoma

CarmelaDevin
    $1600 25
Roberts

Carmela
    $1600 4
the PLO

Devin
    $1600 14
50 Cent

Devin
    $1600 10
a commonwealth

Devin
    $2000 26
the Ottoman Empire

Triple Stumper
    $2000 17
Mỹ Lai

Carmela
    $2000 15
Wilco

Devin
    $2000 16
a tenderfoot

Triple Stumper

Scores at the end of the Double Jeopardy! Round:

Carmela Fernanda Devin
$12,700 $400 $17,900

[wagering suggestions for these scores]

Final Jeopardy! Round responses

AFRICA
FernandaWhat is Zimbabwe?
$399
CarmelaWhat is Libya?
$11,899
DevinWhat is Libya?
$7,505
Libya

Final scores:

Carmela Fernanda Devin
$24,599 $1 $25,405
2nd place: $2,000 3rd place: $1,000 New champion: $25,405

Game dynamics:

Coryat scores:

Carmela Fernanda Devin
$14,800 $400 $15,600
18 R
(including 1 DD),
3 W
(including 1 DD)
6 R,
3 W
23 R
(including 1 DD),
3 W

Combined Coryat: $30,800

The J! Archive is created by fans, for fans. The Jeopardy! game show and all elements thereof, including but not limited to copyright and trademark thereto, are the property of Jeopardy Productions, Inc. and are protected under law. This website is not affiliated with, sponsored by, or operated by Jeopardy Productions, Inc. Join the discussion at JBoard.tv.